Antecedentes parlamentarios : Ley 24.540 Identificación del recién nacido
Guardado en:
| Formato: | Seriadas |
|---|---|
| Idioma: | Spanish |
| Publicado: |
Buenos Aires :
La Ley,
1997
|
| Etiquetas: |
Agregar Etiqueta
Sin Etiquetas, Sea el primero en etiquetar este registro!
|
| LEADER | 00368nas a22001215a 4500 | ||
|---|---|---|---|
| 001 | DER.der002560 | ||
| 005 | 20170217000000.0 | ||
| 008 | 180615s1997####||||||||||||||||||||spa|| | ||
| 245 | 1 | 0 | |a Antecedentes parlamentarios : |b Ley 24.540 Identificación del recién nacido |
| 260 | |a Buenos Aires : |b La Ley, |c 1997 | ||
| 300 | 0 | |a . | |
| 500 | 0 | |a Año 1997 N§1 | |
| 859 | |a DERECHO |b BIB. DERECHO |p 004931 | ||
